| 000 | 01585nam a2200433 i 4500 | ||
|---|---|---|---|
| 001 | 4166 | ||
| 003 | KOSZ 005 | ||
| 005 | 20200604082015.0 | ||
| 008 | 970612s1989 pl a f f |000 0 pol | ||
| 015 | _aPB 1991/460 | ||
| 035 | _a(OCoLC)834080902 | ||
| 040 |
_aWA N _cWA N _dKOSZ 005/HR |
||
| 046 | _k1989 | ||
| 080 | _a621.64 | ||
| 080 | _a621.791/.795 | ||
| 080 | _a(075.8) | ||
| 100 | 1 |
_aDudek, Andrzej _c(mechanika) _eAutor |
|
| 245 | 1 | 0 |
_aZbiornik ciśnieniowy spawany : _b(materiały pomocnicze do projektu z PKM dla studentów kierunku Mechanika) : pomoc dydaktyczna / _cAndrzej Dudek. |
| 260 |
_aKraków : _bPK, _c1989. |
||
| 300 |
_a150 s. : _brys., wykr. ; _c24 cm. |
||
| 336 |
_2rdacontent _aTekst _btxt |
||
| 337 |
_2rdamedia _aBez urządzenia pośredniczącego _bn |
||
| 338 |
_2rdacarrier _aWolumin _bnc |
||
| 380 | _aKsiążki | ||
| 380 | _aPublikacje dydaktyczne | ||
| 385 |
_mPoziom nauczania _aSzkoły wyższe |
||
| 388 | _a1901-2000 | ||
| 388 | _a1989-2000 | ||
| 490 | 1 | _aPomoce Dydaktyczne / Politechnika Krakowska im. Tadeusza Kościuszki. | |
| 658 | _aInżynieria i technika | ||
| 655 | 4 | _aPodręczniki akademickie | |
| 650 | 4 | _aProjekty | |
| 650 | 4 | _aNaczynia ciśnieniowe | |
| 650 | 4 | _aSpawanie | |
| 710 | 2 |
_aPolitechnika Krakowska im. Tadeusza Kościuszki _bWydawnictwo _4pbl. |
|
| 856 |
_uhttp://koha.tu.koszalin.pl/cgi-bin/koha/opac-detail.pl?biblionumber=4166 _yKatalog online BPK |
||
| 830 | 0 | _aPomoce Dydaktyczne - Politechnika Krakowska im. Tadeusza Kościuszki | |
| 942 |
_2UKD _cKS |
||
| 999 |
_c4166 _d4166 |
||